000 00385nam a2200169Ia 4500
100 _aMoore/Dana/ Budd/Raymond
650 _aInternet
942 _cBK
366 _f20
654 _aAJAX
245 _aProfessional Rich Internet Application AJAX and beyond
260 _bWiley India
_c2007
082 _a4.6
_bMOO
300 _a565
546 _aENGLISH
_cPAMPHALETS
999 _c19831
_d19831